Представление документа в формате RUSMARC

ПолеНазваниеЗначение
  Тип записи a
  Библиографический уровень m
001 Контрольный номер RU/REG73/CBS_GRAD/aba5d210be954aacaa58488b1ca470d6
005 Дата корректировки 20231120160745.7
011 Индекс ISSN __
9 Тираж 17200 экз.
100 Данные общей обработки __
a Данные общей обработки 20231120а2023 |||a0rusy0189 ca
101 Язык документа 0_
a Язык текста rus
102 Страна публикации __
a Страна публикации RU
200 Заглавие и сведения об ответственности 1_
a Заглавие № 43 (1555)(ноябрь)
210 Выходные данные 1_
d Дата издания 2023
333 Примечание о целевом назначении __
a Примечание о целевом назначении 16+
461 Уровень набора _0
1 2001
e газета Государства Российского
a Завтра
f учредитель Редакция газеты-еженедельника Завтра
v № 43 (1555)(ноябрь)
1 2101
a Москва
d 1993-
1 001RU/REG73/CBS_GRAD/ef3c6341c2574dd58b57ad37f92da7b2
1 300
a Выходит еженедельно
1 333
а 16+
801 Источник записи _0
a Страна RU
b Организация RuCBSGrad
c Дата составления 20231120
g Правила каталогизации RCR
801 Источник записи _1
a Страна RU
b Организация RuCBSGrad
c Дата составления 20231120
g Правила каталогизации RCR
901 Тип документа __
t Тип документа h
w Контрольный № источника RU/REG73/CBS_GRAD/ef3c6341c2574dd58b57ad37f92da7b2